What the editor's wife is thinking about / (Record no. 15902)

MARC details
000 -LEADER
fixed length control field 00800cam a22002291a 4500
001 - CONTROL NUMBER
control field ca 24000902
003 - CONTROL NUMBER IDENTIFIER
control field DLC
005 - DATE AND TIME OF LATEST TRANSACTION
control field 20260227111113.0
008 - FIXED-LENGTH DATA ELEMENTS--GENERAL INFORMATION
fixed length control field 840709s1924 ksu 000 0 eng
010 ## - LIBRARY OF CONGRESS CONTROL NUMBER
LC control number ca 24000902
035 ## - SYSTEM CONTROL NUMBER
System control number (OCoLC)10927431
040 ## - CATALOGING SOURCE
Original cataloging agency DLC
Transcribing agency KPT
Modifying agency DLC
042 ## - AUTHENTICATION CODE
Authentication code premarc
050 00 - LIBRARY OF CONGRESS CALL NUMBER
Classification number PS3515.A253
Item number W5 1924
100 1# - MAIN ENTRY--PERSONAL NAME
Personal name Haldeman-Julius, Marcet,
Dates associated with a name 1887-1941.
245 10 - TITLE STATEMENT
Title What the editor's wife is thinking about /
Statement of responsibility, etc. Marcet Haldeman-Julius.
260 ## - PUBLICATION, DISTRIBUTION, ETC.
Place of publication, distribution, etc. Girard, Kan. :
Name of publisher, distributor, etc. Haldeman-Julius Co.,
Date of publication, distribution, etc. c1924.
300 ## - PHYSICAL DESCRIPTION
Extent 64 p. ;
Dimensions 13 cm.
440 #0 - SERIES STATEMENT/ADDED ENTRY--TITLE
Title Little blue book ;
Volume/sequential designation no. 809
500 ## - GENERAL NOTE
General note Published 9 September 1931; copies deposited at Library of Congress 17 September 1924; copyright renewed 19 June 1952.
600 20 - SUBJECT ADDED ENTRY--PERSONAL NAME
Personal name Haldeman-Julius, E.
Fuller form of name (Emanuel),
Dates associated with a name 1889-1951.

No items available.

Powered by Koha